Hoy es fiesta

Uloženo v:
Podrobná bibliografie
Hlavní autor: Buero Vallejo, Antonio
Médium: Kniha
Jazyk:Undetermined
Vydáno: Madrid, España Escelicer 1968
Vydání:4
Témata:
Tagy: Přidat tag
Žádné tagy, Buďte první, kdo vytvoří štítek k tomuto záznamu!

MARC

LEADER 00000nam a2200000Ia 4500
008 170316s9999 xx 000 0 und d
040 |a cru BVZT 
090 |a 862 B-23h 
100 |a Buero Vallejo, Antonio 
245 |a Hoy es fiesta 
250 |a 4 
260 |a Madrid, España 
260 |b Escelicer 
260 |c 1968 
300 |a 91 páginas 
650 |a LITERATURA ESPAÑOLA 
650 |a TEATRO 
999 |c 9538  |d 9538 
942 |c 15 D  |h 862 B-23h  |2 z